000 00366 a2200169 4500
001 17965
020 _a9785226002210
040 _cAnchieta - Bela Vista
100 _aOrthof, Sylvia
240 1 0 _aUm pipi choveu aqui
_lpor
245 1 0 _aUm pipi choveu aqui
300 _a16
362 0 _a2005
440 1 _aGlobal
650 4 _aLiteratura juvenil
942 _cBK
999 _c17965
_d17965